000 00437nam a2200169Ia 4500
008 240729s9999 xx 000 0 und d
022 _a2644-3740
245 0 _aOrapuh Journal
260 _aGambia
260 _bOrapuh, Inc.
650 _a Internal medicine | Medicine
650 _a Medicine (General)
650 _aMedicine
856 _uhttps://doaj.org/toc/33d3b80f3360444f95be608e94c76197
942 _2ddc
942 _cDOAJEJ
999 _c68937
_d68937
945 _a1
_bMadushi Gamage
_c1
_dMadushi Gamage